000
00236 a2200085 4500
020
_a
9783836560498
100
_a
Bruce Brooks Pfeiffer
245
_a
Frank Lloyd Wright: 1867-1959: Building for Democracy
260
_b
Taschen America Llc
_c
2015
999
_c
13387
_d
13387